000 00699nam a2200289Ia 4500
005 20260324131613.0
008 008 260324s9999 xx 000 0 eng d
020 _a9781315247878
037 _aEBOOK
040 _aCRL
040 _beng
040 _cCRL
041 _2eng
041 _aeng
084 _qCRL
100 _aRalf Emmers; Mely Caballero-Anthony
_91186128
245 0 _aNon-Traditional Security in Asia
245 0 _bDilemmas in Securitization
260 _bTaylor and Francis
260 _c2006
365 _a
365 _b240
856 _uhttp://www.taylorfrancis.com/books/9781315247878
942 _cEBOOK
999 _c1783446
_d1783446